Statistics for NFL team all-time sack leader

Click here to take the quiz!

General Stats

  • This quiz has been taken 50 times
  • The average score is 12 of 32

Answer Stats

TeamSack #Answer% Correct
BUF171Bruce Smith
86%
NYG141.5Michael Strahan
79%
PHI124Reggie White
79%
MIA131Jason Taylor
72%
HOU101J.J. Watt
72%
DEN110.5Von Miller
65%
LAR98Aaron Donald
63%
ARI71.5Chandler Jones
56%
BAL132.5Terrell Suggs
56%
TBB77Warren Sapp
53%
KCC126.5Derrick Thomas
49%
DAL117DeMarcus Ware
44%
CAR97Julius Peppers
44%
SEA97.5Jacob Green
40%
MIN114John Randle
37%
CLE62Clay Matthews
35%
GBP83.5Clay Matthews
35%
PIT80.5James Harrison
35%
CHI124.5Richard Dent
33%
NOS115Rickey Jackson
33%
IND123Robert Mathis
30%
SFF89.5Bryant Young
23%
NYJ74Mark Gastineau
21%
WFT95.5Ryan Kerrigan
19%
NEP100Andre Tippett
14%
CIN82.5Carlos Dunlap
14%
ATL68.5John Abraham
14%
DET92.5Robert Porcher
9%
LAC105.5Leslie O'Neal
7%
LVR107.5Greg Townsend
5%
TEN75.5Ray Childress
5%
JAX55Tony Brackens
5%

Score Distribution

Percentile by Number Answered

Percent of People with Each Score

Your Score History

You have not taken this quiz